[Event "Pune Rapid op 12th"]
[Site "Pune"]
[Date "2024.05.23"]
[Round "6"]
[White "Ritviz, Parab"]
[Black "Singh, Nishit"]
[Result "1-0"]
[WhiteElo "2189"]
[BlackElo "1952"]
[PlyCount "167"]
[EventDate "2024.05.23"]
[EventType "swiss (rapid)"]
[EventRounds "9"]
[EventCountry "IND"]
[SourceTitle "CB22_2024"]
[SourceDate "2024.05.29"]
[SourceVersion "1"]
[SourceVersionDate "2024.05.29"]
[SourceQuality "1"]

1. e4 d5 2. exd5 Qxd5 3. Nc3 Qd6 4. d4 Nf6 5. g3 Bg4 6. f3 Bf5 7. Bf4 Qe6+ 8. Nge2 c6 9. g4 Bg6 10. Be5 Nd5 11. Nxd5 Qxd5 12. Nf4 Qa5+ 13. c3 Nd7 14. Nxg6 hxg6 15. Bg3 e6 16. Qb3 Qb6 17. Be2 Be7 18. 0-0-0 0-0-0 19. Qa4 Nf6 20. Kb1 Bd6 21. Ka1 Bxg3 22. hxg3 Kb8 23. g5 Nd5 24. f4 Ne3 25. Rc1 Nf5 26. g4 Rxh1 27. Rxh1 Ng3 28. Re1 Nxe2 29. Rxe2 Qc7 30. Rf2 Rh8 31. Qd1 Rh4 32. Kb1 Qd6 33. Qe2 Kc7 34. Qe5 Kd7 35. Qxg7 Qe7 36. Rg2 Kc7 37. Qe5+ Qd6 38. Kc2 Kd7 39. Qxd6+ Kxd6 40. Kd3 Rh1 41. a3 Rf1 42. Ke3 Kd5 43. b3 b5 44. Rc2 Ra1 45. c4+ bxc4 46. bxc4+ Kd6 47. Rc3 Rg1 48. Kf3 Rd1 49. Ke4 Re1+ 50. Re3 Rf1 51. c5+ Kd7 52. Rb3 Kc7 53. Ke5 Rf2 54. Rb4 Rf3 55. Ra4 Kb7 56. d5 exd5 57. Kf6 Re3 58. Kxf7 Re4 59. Rb4+ Rxb4 60. axb4 d4 61. f5 d3 62. fxg6 d2 63. g7 d1Q 64. g8Q Qd5+ 65. Kf8 Qd8+ 66. Kf7 Qd5+ 67. Kf8 Qd8+ 68. Kg7 Qxg5+ 69. Kh8 Qf4 70. g5 Ka6 71. Qg6 Kb5 72. Qf6 Qh4+ 73. Kg8 Kxb4 74. Qe5 a5 75. g6 Qd8+ 76. Kh7 Qh4+ 77. Kg8 Qd8+ 78. Kf7 Qd7+ 79. Kf6 Qd8+ 80. Kf5 a4 81. g7 a3 82. Qe4+ Kb3 83. Qe6+ Kb2 84. g8Q 1-0

[Event "Sports Meet Chess Tour 55th"]
[Site "New Delhi"]
[Date "2022.12.18"]
[Round "4.3"]
[White "Ayyala, Shriyatha"]
[Black "Singh, Nishit"]
[Result "0-1"]
[WhiteElo "1254"]
[BlackElo "2025"]
[PlyCount "126"]
[EventDate "2022.12.15"]
[EventType "team-swiss"]
[EventRounds "7"]
[EventCountry "IND"]
[SourceTitle "CBM 212 Extra"]
[Source "ChessBase"]
[SourceDate "2023.03.31"]
[SourceVersion "1"]
[SourceVersionDate "2023.03.31"]
[SourceQuality "1"]
[WhiteTeam "Palakkad"]
[BlackTeam "Indore"]
[WhiteTeamCountry "IND"]
[BlackTeamCountry "IND"]

1. e4 d5 2. exd5 Nf6 3. Nf3 Qxd5 4. Nc3 Qh5 5. d4 Bg4 6. Be2 Nc6 7. h3 0-0-0 8. Be3 e5 9. Rg1 exd4 10. hxg4 Qa5 11. Nxd4 Nxd4 12. Bd3 Ne6 13. Qf3 Qb4 14. 0-0-0 Qxg4 15. Qxg4 Nxg4 16. Bxa7 Rxd3 17. Rxd3 b6 18. Rf3 Nf6 19. Bxb6 cxb6 20. Rd1 Be7 21. Nd5 Nxd5 22. Rxd5 Bg5+ 23. Kb1 Rd8 24. Rxd8+ Nxd8 25. c4 Kd7 26. Rd3+ Kc6 27. f4 Bf6 28. b4 Ne6 29. g3 h5 30. Kc2 h4 31. gxh4 Nxf4 32. Rf3 Ne6 33. Kd3 Bxh4 34. Rxf7 Kd6 35. a4 Be1 36. Rb7 Kc6 37. Re7 Kd6 38. Rb7 Kc6 39. Re7 Nf4+ 40. Ke4 Bxb4 41. Rxg7 Ne2 42. Kd3 Nc3 43. Ra7 Nd1 44. Kc2 Ne3+ 45. Kd3 Nd1 46. Kc2 Ne3+ 47. Kd3 Ng4 48. Ke4 Nf6+ 49. Kd3 Ba5 50. Rf7 Nd7 51. Kd4 Bb4 52. Rh7 Nc5 53. Rh6+ Kb7 54. Rh7+ Kc6 55. Rh6+ Kb7 56. Rh7+ Ka6 57. Rh8 Ba5 58. Ra8+ Kb7 59. Rxa5 Nb3+ 60. Kd5 bxa5 61. Kd6 Kb6 62. Kd5 Nc5 63. Kd4 Nxa4 0-1

[Event "Sports Meet Chess Tour 55th"]
[Site "New Delhi"]
[Date "2022.12.16"]
[Round "2.3"]
[White "Singh, Jyotirmaya"]
[Black "Singh, Nishit"]
[Result "1-0"]
[WhiteElo "1476"]
[BlackElo "2025"]
[PlyCount "87"]
[EventDate "2022.12.15"]
[EventType "team-swiss"]
[EventRounds "7"]
[EventCountry "IND"]
[SourceTitle "CBM 212 Extra"]
[Source "ChessBase"]
[SourceDate "2023.03.31"]
[SourceVersion "1"]
[SourceVersionDate "2023.03.31"]
[SourceQuality "1"]
[WhiteTeam "Kharagpur"]
[BlackTeam "Indore"]
[WhiteTeamCountry "IND"]
[BlackTeamCountry "IND"]

1. e4 d5 2. exd5 Nf6 3. Nf3 Nxd5 4. d4 Bg4 5. h3 Bxf3 6. Qxf3 c6 7. Bc4 e6 8. 0-0 Nd7 9. Nc3 Bd6 10. Ne4 Be7 11. Qg3 Rg8 12. Bxd5 cxd5 13. Nd6+ Bxd6 14. Qxd6 Qb6 15. Qf4 Nf6 16. a4 a6 17. a5 Qb5 18. Ra3 Rc8 19. Rb3 Qd7 20. Qg3 Ne4 21. Qd3 h6 22. Re1 Ke7 23. f3 Nf6 24. Rb6 Rc6 25. Qa3+ Ke8 26. Rb4 g5 27. Qb3 Rc7 28. Rb6 Kf8 29. h4 Nh7 30. Qd3 Kg7 31. hxg5 hxg5 32. f4 Rc6 33. Rb3 Nf8 34. Qg3 Rxc2 35. Qxg5+ Ng6 36. f5 Kf8 37. Qh6+ Ke8 38. fxg6 Rxg2+ 39. Kxg2 Rxg6+ 40. Qxg6 fxg6 41. Rb6 e5 42. Rxe5+ Kf7 43. Rbe6 Qa4 44. Re7+ 1-0

[Event "IND-ch U15"]
[Site "Jammu"]
[Date "2015.09.28"]
[Round "10"]
[White "Singh, Nishit"]
[Black "Saurabh, Anand"]
[Result "0-1"]
[WhiteElo "1955"]
[BlackElo "2168"]
[PlyCount "144"]
[EventDate "2015.09.21"]
[EventType "swiss"]
[EventRounds "11"]
[EventCountry "IND"]
[SourceTitle "EXT 2016"]
[Source "ChessBase"]
[SourceDate "2015.10.08"]
[SourceVersion "1"]
[SourceVersionDate "2015.10.08"]
[SourceQuality "1"]

1. e4 e6 2. d4 d5 3. Nd2 Be7 4. Bd3 c5 5. dxc5 Nf6 6. exd5 Qxd5 7. Ngf3 Nbd7 8. Nb3 0-0 9. 0-0 Nxc5 10. Nxc5 Qxc5 11. Be3 Qc7 12. Qe2 Nd5 13. Bd2 Nf4 14. Bxf4 Qxf4 15. Rad1 Rb8 16. c3 g6 17. Rfe1 Qc7 18. h4 Bf6 19. h5 Bd7 20. hxg6 hxg6 21. g3 Bc6 22. Be4 Rbd8 23. Qc4 Qb6 24. Bxc6 Qxc6 25. Qxc6 bxc6 26. Nd2 Rd5 27. Ne4 Bg7 28. Kf1 Rb8 29. b3 Rbd8 30. Ke2 f5 31. Nc5 Re5+ 32. Kf3 Rxd1 33. Rxd1 Rxc5 34. c4 Ra5 35. a4 Ra6 36. Rd7 Rb6 37. Rxa7 e5 38. Kg2 Rxb3 39. a5 Rb4 40. Ra8+ Kh7 41. a6 Rxc4 42. a7 Ra4 43. Kh3 c5 44. Rc8 Rxa7 45. Rxc5 Ra2 46. f4 e4 47. g4 e3 48. gxf5 gxf5 49. Rc1 e2 50. Kg3 Ra1 51. Rxa1 Bxa1 52. Kf2 Kg6 53. Kxe2 Kh5 54. Kf3 Kh4 55. Ke3 Kg3 56. Ke2 Kxf4 57. Kf2 Bd4+ 58. Kf1 Kg3 59. Ke2 f4 60. Kf1 f3 61. Ke1 Kg2 62. Kd2 f2 63. Kd3 Bb6 64. Ke4 f1Q 65. Kd5 Qf5+ 66. Kc4 Qc5+ 67. Kd3 Qd4+ 68. Kc2 Ba5 69. Kb3 Qc3+ 70. Ka2 Bb4 71. Kb1 Ba3 72. Ka2 Qb2# 0-1